Sử dụng thiết bị cắt mạch chống dòng điện rò
Đã lưu trong:
| Príomhúdar: | |
|---|---|
| Formáid: | Leabhar |
| Teanga: | Undetermined |
| Foilsithe: |
Hà Nội
Giáo dục
2003
|
| Ábhair: | |
| Clibeanna: |
Cuir Clib Leis
Gan Chlibeanna, Bí ar an gcéad duine leis an taifead seo a chlibeáil!
|
| Thư viện lưu trữ: | Trung tâm Học liệu Trường Đại học Cần Thơ |
|---|
| LEADER | 00566nam a2200193Ia 4500 | ||
|---|---|---|---|
| 001 | CTU_87494 | ||
| 008 | 210402s9999 xx 000 0 und d | ||
| 020 | |c 8800 | ||
| 082 | |a 621.93 | ||
| 082 | |b T305 | ||
| 100 | |a Nguyễn Trí Tiến | ||
| 245 | 0 | |a Sử dụng thiết bị cắt mạch chống dòng điện rò | |
| 245 | 0 | |c Nguyễn Trí Tiến | |
| 260 | |a Hà Nội | ||
| 260 | |b Giáo dục | ||
| 260 | |c 2003 | ||
| 650 | |a cutting tools,metal | ||
| 904 | |i Tuyến | ||
| 980 | |a Trung tâm Học liệu Trường Đại học Cần Thơ | ||